Welcome to CU Library Online Public Access Catalogue (OPAC)

Sources : (Record no. 9720)

MARC details
000 -LEADER
fixed length control field 00658nam a2200205 a 4500
001 - CONTROL NUMBER
control field 4948000
005 - DATE AND TIME OF LATEST TRANSACTION
control field 20260430104352.0
008 - FIXED-LENGTH DATA ELEMENTS--GENERAL INFORMATION
fixed length control field 960822s1997 ctua b 001 0 eng
020 ## - INTERNATIONAL STANDARD BOOK NUMBER
International Standard Book Number 0697328945
020 ## - INTERNATIONAL STANDARD BOOK NUMBER
International Standard Book Number 9780697328946
050 00 - LIBRARY OF CONGRESS CALL NUMBER
Classification number GE105
Item number .S67 1997
082 00 - DEWEY DECIMAL CLASSIFICATION NUMBER
Classification number 363.7
Edition information 21
245 00 - TITLE STATEMENT
Title Sources :
Remainder of title notable selections in environmental studies /
Statement of responsibility, etc. edited by Theodore D. Goldfarb.
250 ## - EDITION STATEMENT
Edition statement 1st ed.
260 ## - PUBLICATION, DISTRIBUTION, ETC.
Place of publication, distribution, etc. Guilford, Ct :
Name of publisher, distributor, etc. Dushkin Pub. Group/Brown & Benchmark Publishers,
Date of publication, distribution, etc. c1997.
300 ## - PHYSICAL DESCRIPTION
Extent xii, 352 p. :
Other physical details ill. ;
Dimensions 24 cm.
650 #0 - SUBJECT ADDED ENTRY--TOPICAL TERM
Topical term or geographic name entry element Environmental sciences.
700 1# - ADDED ENTRY--PERSONAL NAME
Personal name Goldfarb, Theodore D.,
Dates associated with a name 1935-
942 ## - ADDED ENTRY ELEMENTS (KOHA)
Source of classification or shelving scheme Library of Congress Classification
Koha item type Books
Edition 1st Ed.
Suppress in OPAC No
999 ## -
-- 9720
-- 9720
Holdings
Withdrawn status Lost status Source of classification or shelving scheme Damaged status Not for loan Collection Home library Current library Shelving location Date acquired Total checkouts Full call number Barcode Date last seen Copy number Price effective from Koha item type
    Library of Congress Classification     Non-fiction Business Library (Miotso) Business Library (Miotso) General stacks 03/27/2026   GE105 .S67 1997 BSSM00003944 04/30/2026 1 03/27/2026 Books
© 2023-2024 Copyright: Central University Libraries. All Rights Reserved | Created by: Mahone Tech Office